Statystyki dla Wszystkie przystanki autobusowe w Warszawie na Targówku

Kliknij tutaj aby rozwiązać quiz!

Ogólne statystyki

  • Ten quiz został rozwiązany 20 razy
  • Średni wynik to 44 z 95

Statystyki odpowiedzi

HintOdpowiedź% Poprawnych
Granica Bródno - Bródno-Podgrodzie - ZaciszeMetro Kondratowicza
94%
BródnoMetro Bródno
88%
Targówek MieszkaniowyMetro Targówek Mieszkaniowy
88%
Targówek MieszkaniowyMetro Trocka
88%
ZaciszeMetro Zacisze
88%
Granica Bródno - Bródno-PodgrodzieSzpital Bródnowski
81%
Bródno - PodgrodzieBródno - Podgrodzie
75%
Bródno - PodgrodzieCH Targówek
75%
Granica Targówek Mieszkaniowy - BródnoRondo Żaba
75%
Targówek MieszkaniowyCmentarz Bródnowski
69%
BródnoKlub Lira
69%
BródnoSuwalska
69%
BródnoBazyliańska
63%
ZaciszeCodzienna
63%
Targówek MieszkaniowyKołowa
63%
Bródno - PodgrodzieMalborska
63%
ZaciszeMłodzieńcza
63%
Targówek MieszkaniowyPiotra Skargi
63%
Granica Zacisze - Bródno-PodgrodzieBystra
56%
BródnoKS Polonez
56%
ZaciszeLewinów
56%
BródnoPark Bródnowski
56%
BródnoRembielińska
56%
BródnoToruńska
56%
UtrataUtrata
56%
Targówek MieszkaniowyBieżuńska
50%
Bródno - PodgrodzieCH Marki
50%
BródnoChodecka
50%
Targówek FabrycznyElsnerów
50%
ZaciszeJórskiego
50%
Bródno - PodgrodzieKnapika
50%
ZaciszeKrynoliny
50%
Targówek FabrycznyKsięcia Ziemowita
50%
Granica Bródno - Bródno-PodgrodzieŁojewska
50%
BródnoPKP Toruńska
50%
ElsnerówPKP Zacisze - Wilno
50%
ZaciszeRolanda
50%
ZaciszeTużycka
50%
BródnoWyszogrodzka
50%
BródnoBalkonowa
44%
BródnoBartnicza
44%
Granica Zacisze - Bródno-PodgrodzieBohuszewiczówny
44%
BródnoBudowlana
44%
Targówek MieszkaniowyDKS Targówek
44%
Granica Targówek Mieszkaniowy - Bródno - ZaciszeGilarska
44%
Bródno - PodgrodzieGłębocka
44%
Targówek MieszkaniowyGorzykowska
44%
Targówek MieszkaniowyHandlowa
44%
ZaciszeKościeliska
44%
ZaciszeŁokietka
44%
Targówek MieszkaniowyMyszkowska
44%
Granica Targówek Mieszkaniowy - BródnoNiwa
44%
BródnoPelcowizna
44%
BródnoPożarowa
44%
Granica Zacisze - Bródno-PodgrodziePrzy Grodzisku
44%
Targówek MieszkaniowyRogowska
44%
BródnoTurmoncka
44%
Granica Targówek Fabryczny - UtrataZabraniecka
44%
ZaciszeBlokowa
38%
Bródno - PodgrodzieGeodezyjna
38%
Targówek MieszkaniowyGościeradowska
38%
Targówek FabrycznyKsiężnej Anny
38%
Bródno - PodgrodzieOstródzka
38%
ElsnerówPlac Ostrej Bramy
38%
ZaciszePotulicka
38%
ZaciszeSamarytanka
38%
BródnoŚw. Hieronima
38%
Granica Targówek Fabryczny - UtrataUtrata - Urząd Celny
38%
ElsnerówWierna
38%
Targówek FabrycznyZabraniecka - Bocznica
38%
Granica Bródno - ZaciszeŻuromińska
38%
Targówek FabrycznyBukowiecka
31%
Targówek FabrycznyChemiczna
31%
ZaciszeCzerwińska
31%
ZaciszeDiamentowa
31%
Targówek FabrycznyHutnicza
31%
ZaciszeKanał Bródnowski
31%
ZaciszeKlamrowa
31%
ZaciszeKoszalińska
31%
ElsnerówKraśnicka
31%
ZaciszeLewinowska
31%
UtrataŁubinowa
31%
Targówek MieszkaniowyLusińska
31%
Targówek FabrycznyMatuszewska
31%
Targówek FabrycznyNaczelnikowska
31%
Targówek FabrycznyNieświeska
31%
Targówek FabrycznyRzeczna
31%
Targówek FabrycznySiarczana
31%
Targówek FabrycznyZabraniecka - Magazyny
31%
ElsnerówJesiotrowa
25%
ZaciszeKrzesiwa
25%
ElsnerówKrzewna
25%
ElsnerówLniana
25%
ZaciszePerłowa
25%
Granica Targówek Mieszkaniowy - BródnoStaniewiecka
13%

Rozkład punktacji

Percentyl według liczby udzielonych odpowiedzi

Procent ludzi z każdym wynikiem

Twoja historia wyników

Nie rozwiązałeś tego quizu